000
00261nam a22001217a 4500
008
171227b xxu||||| |||| 00| 0 eng d
041
_a
eng
080
_a
91
100
_a
42
101
_a
GJE
245
_a
NATURES WORLD WONDERS
_c
GILBERT.M
942
_2
udc
_c
BK
999
_c
39495
_d
39495